[Event "Milan Palladino Memorial-B 7th"]
[Site "Milan"]
[Date "2015.04.04"]
[Round "4"]
[White "Colonetti, Giacomo"]
[Black "Castoldi, Andrea"]
[Result "0-1"]
[WhiteElo "1338"]
[BlackElo "1385"]
[PlyCount "86"]
[EventDate "2015.04.02"]
[EventType "swiss"]
[EventRounds "7"]
[EventCountry "ITA"]
[SourceTitle "EXT 2017"]
[Source "ChessBase"]
[SourceDate "2016.10.25"]
[SourceVersion "1"]
[SourceVersionDate "2016.10.25"]
[SourceQuality "1"]

1. e4 c6 2. d4 d5 3. Nc3 dxe4 4. Nxe4 Nd7 5. Nf3 Ngf6 6. Bd3 Nxe4 7. Bxe4 Nf6 8. Bd3 e6 9. 0-0 Be7 10. Re1 0-0 11. c3 c5 12. dxc5 Bxc5 13. Be3 Bxe3 14. Rxe3 b6 15. Qc2 Bb7 16. Rd1 Qc7 17. Be2 Rad8 18. Nd4 Qb8 19. Red3 Be4 20. f3 Bxd3 21. Bxd3 Qa8 22. b4 g6 23. Qe2 Nd5 24. Qd2 e5 25. Nc2 Nf4 26. Qe3 Nxd3 27. Rxd3 Rxd3 28. Qxd3 Qd8 29. Qe2 Re8 30. Ne3 e4 31. Ng4 Kg7 32. fxe4 Qe7 33. e5 Qg5 34. Kf2 h5 35. Qe3 Qxe3+ 36. Nxe3 Rxe5 37. c4 Re8 38. a4 Kf6 39. Nd5+ Kf5 40. b5 Re4 41. h3 Ke5 42. Ne3 Kd4 43. Nc2+ Kxc4 0-1

[Event "Robecchetto op-C 25th"]
[Site "Robecchetto"]
[Date "2014.12.29"]
[Round "5"]
[White "Castoldi, Andrea"]
[Black "Carando, Enrica"]
[Result "1/2-1/2"]
[WhiteElo "1419"]
[BlackElo "1362"]
[PlyCount "52"]
[EventDate "2014.12.26"]
[EventType "swiss"]
[EventRounds "6"]
[EventCountry "ITA"]
[SourceTitle "EXT 2024"]
[Source "ChessBase"]
[SourceDate "2023.10.10"]
[SourceVersion "1"]
[SourceVersionDate "2023.10.10"]
[SourceQuality "1"]

1. e4 c5 2. Nf3 Nc6 3. d4 cxd4 4. Nxd4 Nf6 5. Nc3 e5 6. Ndb5 d6 7. Bg5 a6 8. Na3 b5 9. Nd5 Be7 10. Nxf6+ Bxf6 11. Bxf6 gxf6 12. c3 f5 13. Qd5 Qc7 14. Be2 Be6 15. Qd3 Qd7 16. exf5 Bxf5 17. Qf3 Rg8 18. g3 Rb8 19. 0-0-0 b4 20. Nc4 bxc3 21. Nxd6+ Kf8 22. Qxc3 Nb4 23. Qa3 Rc8+ 24. Nc4 Qe7 25. Qb3 Rg6 26. Rd2 Rgc6 1/2-1/2

[Event "Robecchetto op-C 25th"]
[Site "Robecchetto"]
[Date "2014.12.27"]
[Round "3"]
[White "Castoldi, Andrea"]
[Black "Ruggeri, Igor"]
[Result "0-1"]
[WhiteElo "1419"]
[BlackElo "1511"]
[PlyCount "102"]
[EventDate "2014.12.26"]
[EventType "swiss"]
[EventRounds "6"]
[EventCountry "ITA"]
[SourceTitle "EXT 2024"]
[Source "ChessBase"]
[SourceDate "2023.10.10"]
[SourceVersion "1"]
[SourceVersionDate "2023.10.10"]
[SourceQuality "1"]

1. e4 c5 2. Nf3 d6 3. d4 cxd4 4. Nxd4 Nf6 5. Nc3 g6 6. Bc4 Bg7 7. Be3 0-0 8. Qd3 Ng4 9. 0-0-0 Nxe3 10. Qxe3 Nc6 11. Nxc6 bxc6 12. f4 Qb6 13. Rde1 Rb8 14. Bb3 Bd4 15. Qd3 Ba6 16. Qd2 Qb4 17. a3 Bxc3 18. Qxc3 Qxc3 19. bxc3 Rb5 20. Bc4 Ra5 21. Bxa6 Rxa6 22. Kb2 Rb8+ 23. Ka2 Rb5 24. Rb1 Rba5 25. Rb3 c5 26. c4 Ra4 27. Re1 Rxc4 28. Kb2 Rb6 29. Rxb6 axb6 30. Kb3 Rd4 31. Kc3 Ra4 32. Kb3 b5 33. c3 Kg7 34. g3 f6 35. e5 dxe5 36. fxe5 f5 37. Re2 Re4 38. Rxe4 fxe4 39. Kc2 Kf7 40. Kd2 Ke6 41. Ke3 Kxe5 42. h3 g5 43. Ke2 h5 44. Ke3 Kd5 45. h4 gxh4 46. gxh4 e5 47. Kd2 Kc4 48. Ke3 Kxc3 49. Kxe4 Kb2 50. Kxe5 c4 51. Kd4 c3 0-1